Normal view MARC view
  • Crisp, Robert

Entry Personal Name

Number of records used in: 2

001 - CONTROL NUMBER

  • control field: 48939

003 - CONTROL NUMBER IDENTIFIER

  • control field: NUST

005 - DATE AND TIME OF LATEST TRANSACTION

  • control field: 20210314134210.0

008 - FIXED-LENGTH DATA ELEMENTS

  • fixed length control field: 210314|| aca||aabn | a|a d

040 ## - CATALOGING SOURCE

  • Original cataloging agency: NUST
  • Transcribing agency: NUST

100 ## - HEADING--PERSONAL NAME

  • Personal name: Crisp, Robert

670 ## - SOURCE DATA FOUND

  • Source citation: Work cat.: (NUST): Crisp, Robert., Brazen chariots;, [1960, c1959]
© 2023 Central Library, National University of Sciences and Technology. All Rights Reserved.